|
|
|
|
| LEADER |
01011pam a22002658a 4500 |
| 001 |
00018058 |
| 005 |
20171026081022.0 |
| 008 |
110423s1992 ||||||Viesd |
| 020 |
|
|
|c 3800
|
| 041 |
0 |
# |
|a Vie
|
| 082 |
1 |
# |
|b L450T
|a 809.007
|
| 100 |
0 |
# |
|a Vũ Tiến Quỳnh
|
| 245 |
0 |
0 |
|a Lố Tấn-Prem chand - Bồ Tùng Linh
|b Tuyển chọn và trích dẫn những bài phê bình. Bình luận văn học của nhà văn nghiên cứu Việt Nam và thế giới
|c Vũ Tiến Quỳnh
|
| 260 |
# |
# |
|a Khánh Hoà
|b [NXB Khánh Hoà]
|c 1992
|
| 300 |
# |
# |
|a 106tr.
|c 21cm.
|
| 490 |
# |
# |
|a Phê bình bình luận văn học
|
| 650 |
|
|
|a Bồ Tùng Linh
|
| 650 |
|
|
|a Lỗ Tấn
|
| 650 |
|
|
|a Prem chand
|
| 653 |
# |
# |
|a Bình luận văn học
|
| 653 |
# |
# |
|a Phê bình văn học
|
| 852 |
# |
# |
|b Kho đọc
|j KD.0003384
|
| 852 |
# |
# |
|j KD.0003384
|
| 910 |
|
|
|d 23/04/2011
|
| 980 |
# |
# |
|a Trung tâm Học liệu Lê Vũ Hùng, Trường Đại học Đồng Tháp
|